20 Dirtiest Cities in the USA - Statistics

General Stats
  • This quiz has been taken 539 times
  • The average score is 6 of 20
Answer Stats
Answer % Correct
17. Los Angeles
89%
11. New York City
86%
13. Houston
65%
3. Philadelphia
54%
18. Baltimore
51%
19. Cleveland
51%
20. St. Louis
41%
10. Milwaukee
31%
12. Sacramento
27%
8. San Jose
26%
1. Fresno
20%
16. Louisville
19%
2. Bakersfield
15%
14. Baton Rouge
12%
9. Stockton
10%
6. Riverside
9%
15. Akron
7%
5. Modesto
7%
7. New Haven
5%
4. Bridgeport
2%
No matching quizzes found
Score Distribution
Percent of People with Each Score
Percentile by Number Answered
Your Score History
You have not taken this quiz